An introduction to numerical analysis /
Guardado en:
| Autor Principal: | |
|---|---|
| Formato: | Libro |
| Idioma: | English |
| Publicado: |
New York :
Wiley,
c1978.
|
| Materias: | |
| Etiquetas: |
Agregar Etiqueta
Sin Etiquetas, Sea el primero en etiquetar este registro!
|
| LEADER | 00639pam a2200205 a 4500 | ||
|---|---|---|---|
| 001 | MAT.inmabb005964 | ||
| 008 | 780331s1978####nyua#####b####001#0#eng## | ||
| 005 | 20110907132300.0 | ||
| 245 | 1 | 3 | |a An introduction to numerical analysis / |c Kendall E. Atkinson. |
| 260 | |a New York : |b Wiley, |c c1978. | ||
| 300 | |a xiii, 587 p. : |b il. ; |c 24 cm. | ||
| 504 | |a Incluye referencias bibliográficas e índice. | ||
| 510 | 4 | |a MR, |c 80a:65001 | |
| 020 | |a 0471029859 | ||
| 100 | 1 | |a Atkinson, Kendall E. | |
| 650 | 0 | |a Numerical analysis. | |
| 084 | |a 65-01 |2 msc2000 | ||
| 010 | |a 78006706 | ||
| 040 | |a DLC |c DLC |d DLC | ||
| 859 | |h 65 |i At875 |p A-5157 |b BIB. MATEMATICA | ||
